| 000 | 01635nam a2200481 i 4500 | ||
|---|---|---|---|
| 001 | 34813 | ||
| 003 | KOSZ 005 | ||
| 005 | 20200715090339.0 | ||
| 008 | 070608s1972 pl a f 001 0 pol | ||
| 015 | _aPB 1972/5461 | ||
| 035 | _a991036033749705066 | ||
| 035 | _a(PL-WaBN)b19684174-48omnis_nlop | ||
| 035 | _ab19684174 | ||
| 035 | _a(OCoLC)749416015 | ||
| 035 | _a(PL)b0000001968417 | ||
| 035 | _a(EXLNZ-48OMNIS_NETWORK)9910103811805606 | ||
| 040 |
_aWA N _cWA N _dKOSZ 005/RW |
||
| 041 | 1 |
_apol _heng |
|
| 046 | _k1967 | ||
| 080 | _a539.2 | ||
| 080 | _a541.1 | ||
| 100 | 1 |
_aHannay, Norman Bruce. _eAutor |
|
| 245 | 1 | 0 |
_aChemia ciała stałego / _cN. B. Hannay ; tłumaczenie Roman Pampuch. |
| 246 | 1 |
_iTytuł oryginału: _aSolid-state chemistry |
|
| 260 |
_aWarszawa : _bPaństwowe Wydawnictwo Naukowe, _c1972. |
||
| 300 |
_a264, [3] strony : _bilustracje, errata ; _c21 cm. |
||
| 336 |
_aTekst _btxt _2rdacontent |
||
| 337 |
_aBez urządzenia pośredniczącego _bn _2rdamedia |
||
| 338 |
_aWolumin _bnc _2rdacarrier |
||
| 380 | _aKsiążki | ||
| 380 | _aPublikacje dydaktyczne | ||
| 388 | _a1901-2000 | ||
| 504 | _aBibliografia na stronach 253-[254]. Indeks. | ||
| 658 | _aChemia | ||
| 650 | 7 |
_aCiało stałe _2DBN |
|
| 650 | 7 | _aWłaściwości chemiczne | |
| 650 | 7 | _aReakcje chemiczne | |
| 700 | 1 |
_aPampuch, Roman _d(1927-2017). _eTłumaczenie |
|
| 710 | 2 |
_aPaństwowe Wydawnictwo Naukowe _4pbl. |
|
| 856 |
_uhttp://koha.tu.koszalin.pl/cgi-bin/koha/opac-detail.pl?biblionumber=34813 _yKatalog online BPK |
||
| 942 |
_2UKD _cKS |
||
| 999 |
_c34813 _d34813 |
||